Statistics for Animals in European Soccer Club Logos

Click here to take the quiz!

General Stats

  • This quiz has been taken 1,083 times
  • The average score is 8 of 21

Answer Stats

HintAnswer% Correct
BatSpainValencia
76%
SwanWalesSwansea
71%
Billy goatGermanyCologne
67%
WolfItalyRoma
63%
TigerEnglandHull City
61%
LionDenmarkFC Copenhagen
50%
RamEnglandDerby County
47%
FoxEnglandLeicester
44%
OwlEnglandSheffield Wednesday
42%
EaglePortugalBenfica
39%
Cockerel/RoosterEnglandTottenham
39%
EagleGreeceAEK Athens
28%
BullItalyTorino
28%
Two lionsGermanyBayer Leverkusen
24%
HorseNetherlandsTwente Enschede
22%
EagleGermanyEintracht Frankfurt
16%
HorseEnglandIpswich
13%
ElephantItalyCatania
9%
SquirrelScotlandKilmarnock
7%
Stoat/WeaselFranceStade Rennais
7%
LionSpainOsasuna
5%

Score Distribution

Percentile by Number Answered

Percent of People with Each Score

Your Score History

You have not taken this quiz